Normal view
MARC view
Entry Topical Term
001 - CONTROL NUMBER
- control field: 47682
003 - CONTROL NUMBER IDENTIFIER
- control field: ARRUPE
005 - DATE AND TIME OF LATEST TRANSACTION
- control field: 20190731114354.0
008 - FIXED-LENGTH DATA ELEMENTS
- fixed length control field: 190731|| aca||aabn | a|a d
040 ## - CATALOGING SOURCE
- Original cataloging agency: ARRUPE
- Transcribing agency: ARRUPE
150 ## - HEADING--TOPICAL TERM
- Topical term or geographic name as entry element: Sexual ethics
- General subdivision: Adultery
- General subdivision: moral and ethical aspects
670 ## - SOURCE DATA FOUND
- Source citation: Work cat.: (ARRUPE)18746: Laurie Shrage 47679, Moral dilemmas of feminism, 1994